000 01229cam a2200337 ar4500
003 CHAP
005 20220817043720.0
008 001011 us r 00010 eng d
010 _a82547
011 _a83519
035 _a94032
040 _cCHAP
090 _aR-3686
100 0 0 _aChandra Babu, Suresh.
_921836
245 1 0 _aHousehold food security and nutrition monitoring:
_bthe Malawi approach to development planning and policy interventions
_c/by Suresh Chandra Babu and G. B. Mthindi
500 _aEncuadernado con: Food Security and Nutrition Monitoring in Africa: introduction and historical background
500 _aSobretiro de: Food Policy 19 (3) : 272-284, 1994
590 _aBATCH-UPD
_b10
_c20130110
_lUCH01
_h0539
590 _aBATCH-UPD
_b10
_c20130410
_lUCH01
_h0220
590 _aBATCH-UPD
_b10
_c20130914
_lUCH01
_h0159
590 _aCONVERSION
_b10
_c20130109
_lUCH01
_h1346
650 1 4 _aAlimentos.
_94114
650 1 4 _aAlimentos
_xAbastecimiento.
650 1 4 _aNutricion
_xMalawi.
_982244
650 1 4 _aPolĂ­tica alimentaria
_xMalawi.
_990409
700 0 _aMthindi, G. B.
_979240
901 _aBK
905 _aMarco A. Mendoza T.
942 _cREIMP
949 _aR-3686
_bBC
_cR
_d940321
_eTS1
_i94032
_st
999 _c82547
_d82547